Departments of France and their capitals / Départements français et leurs capitales #2 - Statistics

General Stats
  • This quiz has been taken 456 times
  • The average score is 10 of 15
Answer Stats
Hint Answer % Correct
Corse du Sud Ajaccio
97%
Haute-Corse Bastia
91%
Côte d'Or Dijon
89%
Charente-Maritime La Rochelle
84%
Finistère Quimper
78%
Drôme Valence
68%
Doubs Besançon
66%
Corrèze Tulle
66%
Dordogne Périgueux
60%
Côtes d'Armor St Brieuc
59%
Charente Angoulême
55%
Cher Bourges
52%
Eure et Loir Chartres
52%
Creuse Guéret
50%
Eure Evreux
47%
No matching quizzes found
Score Distribution
Percent of People with Each Score
Percentile by Number Answered
Your Score History
You have not taken this quiz